01300nab a22002057a 4500003000400000005001700004008004100021040000700062100002600069245013100095260007200226300001400298500003800312505044300350505008900793650002000882650002800902650003100930773013300961OSt20260114011522.0190605e xxu||||| |||| 00| 0 spa d cPJ aPérez, Emiliano A. 13aLa "acefalía sindical" a propósito del fallo UPSRA de la Corte Suprema de Justicia de la Nación /cEmiliano A. Pérez.  aCiudad Autónoma de Buenos Aires :bThomson Reuters La Ley,c2024. ap. 88-101 aCita: TR LALEY AR/DOC/265/2024.  aSumario: I. El caso bajo comentario.— II. Acefalía. Concepto.— III. ¿Cuál es el supuesto legal que configura el estado de acefalía sindical?— IV. Estándar de la Corte Al respecto.— V. Situación legal de acefalía. Diferenciación de supuestos.— VI. El supuesto autónomo de "vencimiento de mandato" y su eventual solución legal.— VII. Las facultades administrativas, y el debido actuar.— VIII. Conclusiones.  t¿Te interesa el texto completo? Solicitalo al correo: koha@justierradelfuego.gov.ar 0aDERECHO LABORAL 0aASOCIACIONES SINDICALES 0aFALLOS DE LA CORTE SUPREMA0 02711dCiudad Autónoma de Buenos Aires : Thomson Reuters La Ley, 1999-2002.tRevista de derecho del trabajo. Nº 2 - Marzo 2024